<The> Institutional Framework and External Dimension of the EC Internal Market

Gespeichert in:
Bibliographische Detailangaben
1. Verfasser: Dicke, Hugo
Weitere Verfasser: Langhammer, Rolf J.
Format: Buch
Sprache:Englisch
Veröffentlicht: Kiel Institut für Weltwirtschaft 1990
Schriftenreihe:Working Paper No. 453
Tags: Tag hinzufügen
Keine Tags, Fügen Sie das erste Tag hinzu!

MARC

LEADER 00000nam a2200000 4500
001 c031883
005 20250526081557.1
041 0 |a eng 
044 |a DE 
245 1 0 |a <The> Institutional Framework and External Dimension of the EC Internal Market  |c Hugo Dicke, Rolf J. Langhammer 
264 1 |a Kiel  |b Institut für Weltwirtschaft  |c 1990 
300 |a 43 s. 
490 1 |a Working Paper  |v No. 453 
830 0 |a Working Paper  |v No. 453 
100 1 |a Dicke, Hugo 
700 1 |a Langhammer, Rolf J.